UNDERSTANDING housing defects
Сохранить в:
| Главный автор: | |
|---|---|
| Формат: | |
| Язык: | английский |
| Опубликовано: |
Routledge
2014
|
| Метки: |
Добавить метку
Нет меток, Требуется 1-ая метка записи!
|
MARC
| LEADER | 00000nam a22000007a 4500 | ||
|---|---|---|---|
| 008 | 210125b ||||| |||| 00| 0 eng d | ||
| 020 | |a : 978-0-08-097112-4 | ||
| 100 | |a Duncan Marshall | ||
| 245 | |a UNDERSTANDING housing defects |c Marshall, Duncan | ||
| 250 | |b 4th | ||
| 260 | |b Routledge |c 2014 |h New York |i 691595 – EDM., 691596 |l TH4812 .Un2 |m Dwellings – Defects |m Dwellings – Maintenance and repair |m Building inspection | ||
| 942 | |a lcc |c BK |e Mr Ogunleye | ||
| 952 | |0 0 |1 0 |2 lcc |4 0 |6 TH4812 U N2 |7 0 |9 1750 |a HOL |b EDM |d 2021-01-25 |l 0 |o TH4812 .Un2 |p 2021-0527 |r 2021-01-25 00:00:00 |w 2021-01-25 |y BK | ||
| 952 | |0 0 |1 0 |2 lcc |4 0 |6 TH4812 U N2 |7 0 |9 1751 |a HOL |b HOL |d 2021-01-25 |l 0 |o TH4812 .Un2 |p 2021-0528 |r 2021-01-25 00:00:00 |w 2021-01-25 |y BK | ||
| 999 | |c 926 |d 926 | ||